000 00570nam a22001817a 4500
005 20251108165430.0
008 250721s1984 xx 000 0 ara d
082 1 4 _aم/745.619956/ناج
100 1 _aالمصرف، ناجي زين الدين
245 1 0 _aموسوعة الخط العربي /
264 1 _aبغداد :
_bوزارة الثقافة و الإعلام،
_c1984.
300 _a2ج في مج1
490 0 _aالسلسلة الفنية ؛51)
650 1 7 _aالخط العربي
650 1 7 _aالموسوعات
942 _2ddc
_cREF
999 _c27767
_d27767